{"text_format":"3","workbook":"xls","n_sheets":1,"sheets":["易耗品 "],"not_rendered":{"external_links":1,"defined_names":1},"read":"whole","date_system":"1900","formulas":"cached_only"}

{"sheet":"易耗品 ","index":0,"n_rows":190,"n_cols":8,"rows_kept":190,"merged":[[0,0,0,7],[189,0,189,5]],"flags":["formulas_cached_only"]}
["浙江师范大学行知学院易耗品统计表"]
["序号","名   称","规   格","数量","单位","参考单价","参考金额","备注"]
[1,"乳胶管","内外6*9  （30米包装）",1,"包",{"v":69,"d":"69.00"},{"v":69,"d":"69.00"},"有机"]
[2,"橡胶塞","6号",10,"个",{"v":10,"d":"10.00"},{"v":100,"d":"100.00"},"有机"]
[3,"洗手液",null,4,"瓶",{"v":11,"d":"11.00"},{"v":44,"d":"44.00"},"有机"]
[4,"精密PH试纸","测量范围9-14 （一盒20包）",1,"盒",{"v":32,"d":"32.00"},{"v":32,"d":"32.00"},"有机"]
[5,"精密PH试纸","测量范围1-5（一盒20包）",1,"盒",{"v":40,"d":"40.00"},{"v":40,"d":"40.00"},"有机"]
[6,"pH试纸","测试范围1-14",1,"盒",{"v":35,"d":"35.00"},{"v":35,"d":"35.00"},"有机"]
[7,"封口熔点管","0.3*100mm 一段封口",1,"个",{"v":15,"d":"15.00"},{"v":15,"d":"15.00"},"有机"]
[8,"卷纸","心相印，12卷/提",14,"件",{"v":40,"d":"40.00"},{"v":560,"d":"560.00"},"有机*5+生化*2+物化*4+食品*3"]
[9,"定性滤纸","#11 中速",12,"包",{"v":7,"d":"7.00"},{"v":84,"d":"84.00"},"有机*4+无机*8"]
[10,"定性滤纸","#7 中速",11,"包",{"v":6,"d":"6.00"},{"v":66,"d":"66.00"},"有机*5+无机*6"]
[11,"5号电池","南孚无汞碱性电池40个一盒",2,"盒",{"v":100,"d":"100.00"},{"v":200,"d":"200.00"},"有机"]
[12,"7号电池","南孚无汞碱性电池40个一盒",1,"盒",{"v":100,"d":"100.00"},{"v":100,"d":"100.00"},"有机"]
[13,"聚四氟乙烯搅拌棒","杆径7mm 长度250mm 叶展55mm",30,"个",{"v":20,"d":"20.00"},{"v":600,"d":"600.00"},"有机"]
[14,"聚四氟乙烯旋塞","24口",10,"个",{"v":20,"d":"20.00"},{"v":200,"d":"200.00"},"有机"]
[15,"老虎钳",null,2,"个",{"v":10,"d":"10.00"},{"v":20,"d":"20.00"},"有机"]
[16,"海绵拖把","妙洁",8,"把",{"v":45,"d":"45.00"},{"v":360,"d":"360.00"},"有机*4+生化*4"]
[17,"试管刷","小号",10,"个",{"v":5,"d":"5.00"},{"v":50,"d":"50.00"},"有机"]
[18,"三爪夹",null,10,"个",{"v":20,"d":"20.00"},{"v":200,"d":"200.00"},"有机"]
[19,"冷凝管夹",null,25,"个",{"v":18,"d":"18.00"},{"v":450,"d":"450.00"},"有机"]
[20,"十字夹",null,10,"个",{"v":10,"d":"10.00"},{"v":100,"d":"100.00"},"有机"]
[21,"一次性塑料取样器","1ml/100只一包",1,"包",{"v":40,"d":"40.00"},{"v":40,"d":"40.00"},"有机"]
[22,"一次性塑料取样器","2ml/100只一包",1,"包",{"v":40,"d":"40.00"},{"v":40,"d":"40.00"},"有机"]
[23,"一次性塑料取样器","5ml/100只一包",1,"包",{"v":40,"d":"40.00"},{"v":40,"d":"40.00"},"有机"]
[24,"一次性塑料取样器","10ml/100只一包",1,"包",{"v":60,"d":"60.00"},{"v":60,"d":"60.00"},"有机"]
[25,"一次性滴管","5ml",1,"包",{"v":20,"d":"20.00"},{"v":20,"d":"20.00"},"有机"]
[26,"1.5ml离心管","500个/包",3,"包",{"v":12,"d":"12.00"},{"v":36,"d":"36.00"},"生化*2+有机*1"]
[27,"离心管","2ml，500支/包",7,"包",{"v":30,"d":"30.00"},{"v":210,"d":"210.00"},"普通生物*3+无机*1+生化*2+有机*1"]
[28,"毛细管","0.1mm",1,"盒",{"v":16,"d":"16.00"},{"v":16,"d":"16.00"},"有机"]
[29,"毛细管","0.3mm",1,"盒",{"v":13,"d":"13.00"},{"v":13,"d":"13.00"},"有机"]
[30,"样品袋","4*6  100个一袋",2,"袋",{"v":10,"d":"10.00"},{"v":20,"d":"20.00"},"有机"]
[31,"样品袋","6*8 100个一袋",1,"袋",{"v":12,"d":"12.00"},{"v":12,"d":"12.00"},"有机"]
[32,"样品袋"," 8*12 100个一袋",1,"袋",{"v":15,"d":"15.00"},{"v":15,"d":"15.00"},"有机"]
[33,"薄层层析点样板","GF254  25mm*75mm",5,"盒",{"v":75,"d":"75.00"},{"v":375,"d":"375.00"},"有机"]
[34,"试管刷","500ml",10,"个",{"v":5,"d":"5.00"},{"v":50,"d":"50.00"},"有机"]
[35,"实验室不锈钢刮刀微量小铲","600mm双头",10,"个",{"v":12,"d":"12.00"},{"v":120,"d":"120.00"},"有机"]
[36,"氧气减压阀",null,2,"个",{"v":150,"d":"150.00"},{"v":300,"d":"300.00"},"有机"]
[37,"有机化学球棍模型",null,1,"套",{"v":200,"d":"200.00"},{"v":200,"d":"200.00"},"有机"]
[38,"垃圾袋","80-100",5,"卷",{"v":35,"d":"35.00"},{"v":175,"d":"175.00"},"有机"]
[39,"白板笔","得力黑色",1,"盒",{"v":20,"d":"20.00"},{"v":20,"d":"20.00"},"有机"]
[40,"白板笔","得力红色",1,"盒",{"v":20,"d":"20.00"},{"v":20,"d":"20.00"},"有机"]
[41,"温度计","0-300  一度一格",30,"个",{"v":20,"d":"20.00"},{"v":600,"d":"600.00"},"有机"]
[42,"GF254硅胶板",null,1,"盒",{"v":88,"d":"88.00"},{"v":88,"d":"88.00"},"食品"]
[43,"彩条金柔百洁布","妙洁，4片/包",2,"包",{"v":12,"d":"12.00"},{"v":24,"d":"24.00"},"食品"]
[44,"厨房纸巾","心相印，12包/箱",2,"箱",{"v":60,"d":"60.00"},{"v":120,"d":"120.00"},"食品"]
[45,"海绵拖把","33cm",2,"把",{"v":60,"d":"60.00"},{"v":120,"d":"120.00"},"食品"]
[46,"量筒","量杯，1000ml",10,"个",{"v":16,"d":"16.00"},{"v":160,"d":"160.00"},"食品"]
[47,"量筒","食品级，10mL",25,"个",{"v":3.5,"d":"3.50"},{"v":87.5,"d":"87.50"},"食品"]
[48,"量筒","食品级，250mL",10,"个",{"v":7.5,"d":"7.50"},{"v":75,"d":"75.00"},"食品"]
[49,"食品背心袋","30x45cm（五丝），100只/包",3,"包",{"v":10,"d":"10.00"},{"v":30,"d":"30.00"},"食品"]
[50,"手提式垃圾袋","背心式，5卷/100只/袋",4,"袋",{"v":12,"d":"12.00"},{"v":48,"d":"48.00"},"食品"]
[51,"透明试饮杯","65ml，900只，15包",1,"套",{"v":40,"d":"40.00"},{"v":40,"d":"40.00"},"食品"]
[52,"高精度迷你克拉称","精确至0.001g/100g",6,"台",{"v":120,"d":"120.00"},{"v":720,"d":"720.00"},"食品"]
[53,"内存条","金士顿",1,"个",{"v":300,"d":"300.00"},{"v":300,"d":"300.00"},"食品"]
[54,"一次性滴管","100根一包,2ml",2,"包",{"v":6,"d":"6.00"},{"v":12,"d":"12.00"},"食品"]
[55,"一次性乳胶手套","S码",6,"盒",{"v":50,"d":"50.00"},{"v":300,"d":"300.00"},"食品"]
[56,"乙烯利","10g/瓶，香蕉催熟剂",10,"瓶",{"v":3,"d":"3.00"},{"v":30,"d":"30.00"},"食品"]
[57,"纸箱",null,10,"个",{"v":2,"d":"2.00"},{"v":20,"d":"20.00"},"食品"]
[58,"桌布","透明，加厚加厚，1.4*1.4，10张/袋",5,"袋",{"v":8.4,"d":"8.40"},{"v":42,"d":"42.00"},"食品"]
[59,"组培瓶","塑料瓶，500ml",80,"个",{"v":4,"d":"4.00"},{"v":320,"d":"320.00"},"食品"]
[60,"棉球","500个/包，一个一个的",1,"包",{"v":25,"d":"25.00"},{"v":25,"d":"25.00"},"食品"]
[61,"记号笔","小双头记号勾线笔，12支/盒，红色",1,"盒",{"v":20,"d":"20.00"},{"v":20,"d":"20.00"},"食品"]
[62,"记号笔","小双头记号勾线笔，12支/盒，黑色",1,"盒",{"v":20,"d":"20.00"},{"v":20,"d":"20.00"},"食品"]
[63,"接种针","4mm，10支/包，加粗",2,"包",{"v":10,"d":"10.00"},{"v":20,"d":"20.00"},"食品"]
[64,"解剖刀","4号刀柄",9,"把",{"v":5,"d":"5.00"},{"v":45,"d":"45.00"},"食品"]
[65,"解剖刀","23号刀片",3,"包",{"v":5,"d":"5.00"},{"v":15,"d":"15.00"},"食品"]
[66,"镊子","直尖头，适合细小空间",8,"个",{"v":7,"d":"7.00"},{"v":56,"d":"56.00"},"食品"]
[67,"5ml离心管","300个/包",2,"包",{"v":13,"d":"13.00"},{"v":26,"d":"26.00"},"食品"]
[68,"20ml离心管","100个/包",2,"包",{"v":33,"d":"33.00"},{"v":66,"d":"66.00"},"食品"]
[69,"离心管","50ml、圆底螺旋盖；50个/包",5,"包",{"v":30,"d":"30.00"},{"v":150,"d":"150.00"},"环境*3+食品*2"]
[70,"筛子","80目",2,"个",{"v":20,"d":"20.00"},{"v":40,"d":"40.00"},"食品"]
[71,"筛子","100目",2,"个",{"v":20,"d":"20.00"},{"v":40,"d":"40.00"},"食品"]
[72,"筛子","120目",2,"个",{"v":20,"d":"20.00"},{"v":40,"d":"40.00"},"食品"]
[73,"PH试纸精密","9.5-13",1,"盒",{"v":30,"d":"30.00"},{"v":30,"d":"30.00"},"食品"]
[74,"PH试纸精密","0.5-5",1,"盒",{"v":30,"d":"30.00"},{"v":30,"d":"30.00"},"食品"]
[75,"95%酒精","2.5L/瓶",2,"瓶",{"v":30,"d":"30.00"},{"v":60,"d":"60.00"},"食品"]
[76,"真空抽滤套装","抽滤瓶1000ml+布氏漏斗100mm+胶塞+胶管",2,"套",{"v":70,"d":"70.00"},{"v":140,"d":"140.00"},"食品"]
[77,"真空抽滤套装","抽滤瓶500ml+布氏漏斗80mm+胶塞+胶管",2,"套",{"v":60,"d":"60.00"},{"v":120,"d":"120.00"},"食品"]
[78,"滤纸","11cm快速",8,"盒",{"v":6,"d":"6.00"},{"v":48,"d":"48.00"},"食品"]
[79,"滤纸","12.5cm快速",6,"盒",{"v":7,"d":"7.00"},{"v":42,"d":"42.00"},"食品"]
[80,"0.22μm微孔滤膜",null,1,"盒",{"v":38,"d":"38.00"},{"v":38,"d":"38.00"},"食品"]
[81,"上海保圣质构仪配套探头","TA/LKB剪切探头",1,"支",{"v":1200,"d":"1200.00"},{"v":1200,"d":"1200.00"},"食品"]
[82,"上海保圣质构仪配套探头","球形探头TA/1S",1,"支",{"v":900,"d":"900.00"},{"v":900,"d":"900.00"},"食品"]
[83,"大孔树脂110","500g",1,"包",{"v":80,"d":"80.00"},{"v":80,"d":"80.00"},"食品"]
[84,"均质袋","100个/盒",2,"盒",{"v":150,"d":"150.00"},{"v":300,"d":"300.00"},"食品"]
[85,"LST肉汤","250g,环凯",2,"瓶",{"v":150,"d":"150.00"},{"v":300,"d":"300.00"},"食品"]
[86,"BGLB肉汤","250g,环凯",2,"瓶",{"v":313,"d":"313.00"},{"v":626,"d":"626.00"},"食品"]
[87,"VRBA","250g,环凯",2,"瓶",{"v":162,"d":"162.00"},{"v":324,"d":"324.00"},"食品"]
[88,"MRS肉汤","250g,环凯",2,"瓶",{"v":212,"d":"212.00"},{"v":424,"d":"424.00"},"食品"]
[89,"改良MRS培养基","250g,环凯",2,"瓶",{"v":272,"d":"272.00"},{"v":544,"d":"544.00"},"食品"]
[90,"试管塞","14-18mm,50个/包",4,"包",{"v":25,"d":"25.00"},{"v":100,"d":"100.00"},"食品"]
[91,"点样毛细管",null,1,"筒",{"v":15,"d":"15.00"},{"v":15,"d":"15.00"},"食品"]
[92,"药匙","单头，加厚",20,"份",{"v":2.5,"d":"2.50"},{"v":50,"d":"50.00"},"食品"]
[93,"称量纸","75*75 500张/包",18,"包",{"v":6,"d":"6.00"},{"v":108,"d":"108.00"},"环境*8+物化*10"]
[94,"10ul枪头","1000个/包",1,"包",{"v":44,"d":"44.00"},{"v":44,"d":"44.00"},"生化"]
[95,"200ul枪头","1000个/包",1,"包",{"v":45,"d":"45.00"},{"v":45,"d":"45.00"},"生化"]
[96,"1000ul枪头","500个/包",2,"包",{"v":15,"d":"15.00"},{"v":30,"d":"30.00"},"生化"]
[97,"醋酸纤维素薄膜","2*8cm（50张）/盒",2,"盒",{"v":54,"d":"54.00"},{"v":108,"d":"108.00"},"生化"]
[98,"一次性pe手套","100只/盒",10,"盒",{"v":5.6,"d":"5.60"},{"v":56,"d":"56.00"},"生化"]
[99,"食品级α淀粉酶","1kg/瓶",1,"瓶",{"v":47,"d":"47.00"},{"v":47,"d":"47.00"},"生化"]
[100,"食品级β淀粉酶","1kg/瓶",1,"瓶",{"v":173,"d":"173.00"},{"v":173,"d":"173.00"},"生化"]
[101,"50ml螺口圆底离心管","50个/包",2,"包",{"v":27,"d":"27.00"},{"v":54,"d":"54.00"},"生化"]
[102,"10ml连盖离心管","200个/包",4,"包",{"v":24,"d":"24.00"},{"v":96,"d":"96.00"},"生化*2+食品*2"]
[103,"硅胶管","内径3mm",5,"米",{"v":5,"d":"5.00"},{"v":25,"d":"25.00"},"生化"]
[104,"洗手液",null,4,"瓶",{"v":11,"d":"11.00"},{"v":44,"d":"44.00"},"生化"]
[105,"棉球","500g/包",2,"包",{"v":25,"d":"25.00"},{"v":50,"d":"50.00"},"生化"]
[106,"离心管泡沫漂浮板","圆形泡沫漂浮板",3,"个",{"v":10,"d":"10.00"},{"v":30,"d":"30.00"},"生化"]
[107,"0.2ml离心管","1000个/包",1,"包",{"v":10,"d":"10.00"},{"v":10,"d":"10.00"},"生化"]
[108,"大号试管刷",null,10,"把",{"v":3,"d":"3.00"},{"v":30,"d":"30.00"},"生化"]
[109,"海绵塞","高4cm，直径3cm（500个/包）",1,"包",{"v":65,"d":"65.00"},{"v":65,"d":"65.00"},"生化"]
[110,"食品级葡萄糖苷酶","1kg/瓶",1,"瓶",{"v":337,"d":"337.00"},{"v":337,"d":"337.00"},"生化"]
[111,"粗糙链孢霉SHBCC D11166",null,1,"支",{"v":330,"d":"330.00"},{"v":330,"d":"330.00"},"生化"]
[112,"赖氨酸缺陷型 SHBCC D24646",null,1,"支",{"v":880,"d":"880.00"},{"v":880,"d":"880.00"},"生化"]
[113,"果蝇",null,1,"组",{"v":200,"d":"200.00"},{"v":200,"d":"200.00"},"生化"]
[114,"塑料卡扣","10升龙口瓶",12,"个",{"v":4,"d":"4.00"},{"v":48,"d":"48.00"},"分析"]
[115,"定时开关控制器",null,1,"个",{"v":100,"d":"100.00"},{"v":100,"d":"100.00"},"分析"]
[116,"聚四氟反应釜内衬","50ml",6,"个",{"v":130,"d":"130.00"},{"v":780,"d":"780.00"},"环境"]
[117,"丁腈乳胶手套","M码",6,"盒",{"v":110,"d":"110.00"},{"v":660,"d":"660.00"},"环境"]
[118,"铁制药勺","15cm",20,"把",{"v":5,"d":"5.00"},{"v":100,"d":"100.00"},"环境"]
[119,"离心管","10ml、圆底螺旋盖；100个/包",2,"包",{"v":25,"d":"25.00"},{"v":50,"d":"50.00"},"环境"]
[120,"磁力搅拌子","2cm",20,"个",{"v":4,"d":"4.00"},{"v":80,"d":"80.00"},"环境"]
[121,"尼龙过滤头","0.45um 100个/盒",3,"盒",{"v":120,"d":"120.00"},{"v":360,"d":"360.00"},"环境"]
[122,"垃圾袋","中号加厚点断式",12,"卷",{"v":7,"d":"7.00"},{"v":84,"d":"84.00"},"环境"]
[123,"一次性滴管","5ml 100个/包",4,"包",{"v":20,"d":"20.00"},{"v":80,"d":"80.00"},"环境"]
[124,"抹布",null,15,"条",{"v":10,"d":"10.00"},{"v":150,"d":"150.00"},"环境"]
[125,"擦镜纸","10*15cm",40,"本",{"v":2,"d":"2.00"},{"v":80,"d":"80.00"},"环境"]
[126,"塑料试剂瓶","250ml，透明",40,"个",{"v":7,"d":"7.00"},{"v":280,"d":"280.00"},"环境"]
[127,"移液枪","1000uL",2,"把",{"v":180,"d":"180.00"},{"v":360,"d":"360.00"},"环境"]
[128,"移液枪","5ml",2,"把",{"v":180,"d":"180.00"},{"v":360,"d":"360.00"},"环境"]
[129,"移液枪","2-10ml",2,"把",{"v":180,"d":"180.00"},{"v":360,"d":"360.00"},"环境"]
[null,"移液枪盒","28孔5ml",2,"盒",{"v":15,"d":"15.00"},{"v":30,"d":"30.00"},"食品"]
[130,"移液枪头","1ml;500个/包",2,"包",{"v":40,"d":"40.00"},{"v":80,"d":"80.00"},"环境"]
[131,"移液枪头","5ml；300个/包",2,"包",{"v":70,"d":"70.00"},{"v":140,"d":"140.00"},"环境"]
[132,"圈丝填料","长度1米-立方米",2,"立方米",{"v":140,"d":"140.00"},{"v":280,"d":"280.00"},"环境"]
[133,"无胶玻璃纤维滤膜","200*250mm   50张/包",3,"包",{"v":130,"d":"130.00"},{"v":390,"d":"390.00"},"环境"]
[134,"硒鼓","适用于惠普150A，黑色带芯片",2,"个",{"v":100,"d":"100.00"},{"v":200,"d":"200.00"},"环境"]
[135,"尖头镊","不锈钢ST-12中长尖头",20,"个",{"v":10,"d":"10.00"},{"v":200,"d":"200.00"},"环境"]
[136,"洗耳球","中号 60ml",20,"个",{"v":6,"d":"6.00"},{"v":120,"d":"120.00"},"环境"]
[137,"洗手液",null,5,"瓶",{"v":11,"d":"11.00"},{"v":55,"d":"55.00"},"环境"]
[138,"移液枪头1ml","500支/包，蓝色",8,"包",{"v":30,"d":"30.00"},{"v":240,"d":"240.00"},"普通生物"]
[139,"移液枪头200ul","1000支/包，黄色",5,"包",{"v":30,"d":"30.00"},{"v":150,"d":"150.00"},"普通生物"]
[140,"pH精密试纸","pH 5.5-9.0",10,"本",{"v":5,"d":"5.00"},{"v":50,"d":"50.00"},"普通生物"]
[141,"pH精密试纸","pH 0.5-5.0",6,"本",{"v":5,"d":"5.00"},{"v":30,"d":"30.00"},"普通生物"]
[142,"快速定性滤纸","7cm",10,"盒",{"v":5,"d":"5.00"},{"v":50,"d":"50.00"},"普通生物"]
[143,"快速定性滤纸","5cm",12,"盒",{"v":5,"d":"5.00"},{"v":60,"d":"60.00"},"普通生物"]
[144,"布氏漏斗","80mm",10,"只",{"v":20,"d":"20.00"},{"v":200,"d":"200.00"},"普通生物"]
[145,"布氏漏斗","100mm",10,"只",{"v":28,"d":"28.00"},{"v":280,"d":"280.00"},"普通生物"]
[146,"研钵","陶瓷13cm，套装",10,"套",{"v":20,"d":"20.00"},{"v":200,"d":"200.00"},"普通生物"]
[147,"黄酮含量测定试剂盒","24个样，分光光度计法，索莱宝",1,"盒",{"v":430,"d":"430.00"},{"v":430,"d":"430.00"},"普通生物"]
[148,"蜡盘","19*26cm，解剖用",20,"只",{"v":20,"d":"20.00"},{"v":400,"d":"400.00"},"普通生物"]
[149,"不锈钢镊子","尖头，极尖，12cm",10,"把",{"v":8,"d":"8.00"},{"v":80,"d":"80.00"},"普通生物"]
[150,"解剖刀柄","15cm，24号对应刀片",20,"把",{"v":10,"d":"10.00"},{"v":200,"d":"200.00"},"普通生物"]
[151,"单面刀片","100片/装/盒",1,"盒",{"v":21,"d":"21.00"},{"v":21,"d":"21.00"},"普通生物"]
[152,"解剖剪","12.5直尖",6,"只",{"v":40,"d":"40.00"},{"v":240,"d":"240.00"},"普通生物"]
[153,"筛网","80目，20cm直径",8,"只",{"v":30,"d":"30.00"},{"v":240,"d":"240.00"},"普通生物"]
[154,"筛网","14目，20cm直径",8,"只",{"v":25,"d":"25.00"},{"v":200,"d":"200.00"},"普通生物"]
[155,"平板封闭电炉","1kw",2,"只",{"v":100,"d":"100.00"},{"v":200,"d":"200.00"},"普通生物"]
[156,"牛皮纸","A4,120g，100张/包",1,"包",{"v":20,"d":"20.00"},{"v":20,"d":"20.00"},"普通生物"]
[157,"洗衣粉","白猫浓缩洗衣粉900g/桶",6,"桶",{"v":15,"d":"15.00"},{"v":90,"d":"90.00"},"普通生物"]
[158,"口罩","医用口罩，一次性",150,"只",{"v":0.5,"d":"0.50"},{"v":75,"d":"75.00"},"普通生物"]
[159,"鞋套","一次性加厚，500只/包",2,"包",{"v":40,"d":"40.00"},{"v":80,"d":"80.00"},"普通生物"]
[160,"帽子","一次性加厚，50只/包",1,"包",{"v":35,"d":"35.00"},{"v":35,"d":"35.00"},"普通生物"]
[161,"乳胶手套","M 加厚一次性。100只/盒",24,"包",{"v":50,"d":"50.00"},{"v":1200,"d":"1200.00"},"普通生物*20+食品*4"]
[162,"垃圾袋","加厚家用，20卷/包，20只/卷",20,"包",{"v":35,"d":"35.00"},{"v":700,"d":"700.00"},"普通生物"]
[163,"自封袋","10*15大小",50,"只",{"v":0.4,"d":"0.40"},{"v":20,"d":"20.00"},"微生物"]
[164,"一次性筷子","400双/包",4,"包",{"v":35,"d":"35.00"},{"v":140,"d":"140.00"},"微生物"]
[165,"8号橡皮塞","8号",20,"只",{"v":3,"d":"3.00"},{"v":60,"d":"60.00"},"微生物"]
[166,"细棉线","卷，直径4cm",2,"卷",{"v":8,"d":"8.00"},{"v":16,"d":"16.00"},"微生物"]
[167,"蝴蝶夹","铝制滴定夹",10,"个",{"v":20,"d":"20.00"},{"v":200,"d":"200.00"},"微生物"]
[168,"饭盒一次性带盖透明","圆，加厚，塑料。12*8cm",120,"套",{"v":0.5,"d":"0.50"},{"v":60,"d":"60.00"},"微生物"]
[169,"小圆滤纸片"," 直径1mm。50片/包",1,"包",{"v":50,"d":"50.00"},{"v":50,"d":"50.00"},"微生物"]
[170,"一次性纸杯","茶花 180ml  200只/包",4,"包",{"v":50,"d":"50.00"},{"v":200,"d":"200.00"},"微生物"]
[171,"吸水纸","10卷/袋，140g，卷纸",10,"袋",{"v":30,"d":"30.00"},{"v":300,"d":"300.00"},"微生物"]
[172,"称量纸","150*150mm，500张，薄款",20,"袋",{"v":10,"d":"10.00"},{"v":200,"d":"200.00"},"微生物"]
[173,"称量纸","100*100mm，500张，厚款",20,"袋",{"v":10,"d":"10.00"},{"v":200,"d":"200.00"},"微生物"]
[174,"无线键盘鼠标套装","罗技MK275",1,"套",{"v":150,"d":"150.00"},{"v":150,"d":"150.00"},"微生物"]
[175,"马铃薯","散称",2,"公斤",{"v":6,"d":"6.00"},{"v":12,"d":"12.00"},"微生物"]
[176,"糯米","散称",25,"公斤",{"v":10,"d":"10.00"},{"v":250,"d":"250.00"},"微生物"]
[177,"记号笔","双头。黑色，10支/盒",2,"盒",{"v":18,"d":"18.00"},{"v":36,"d":"36.00"},"微生物"]
[178,"塑料烧杯","2L",2,"只",{"v":18,"d":"18.00"},{"v":36,"d":"36.00"},"微生物"]
[179,"透明收纳箱","可叠放39*27*20cm",10,"只",{"v":25,"d":"25.00"},{"v":250,"d":"250.00"},"微生物"]
[180,"一次性透明滴管","0.2毫升，1000支/包",2,"包",{"v":38,"d":"38.00"},{"v":76,"d":"76.00"},"微生物"]
[181,"去污粉",null,8,"包",{"v":8,"d":"8.00"},{"v":64,"d":"64.00"},"无机"]
[182,"定性滤纸","φ9cm，100张/盒",37,"包",{"v":8,"d":"8.00"},{"v":296,"d":"296.00"},"无机*12+环境*25"]
[183,"火柴","10盒/包",25,"包",{"v":10,"d":"10.00"},{"v":250,"d":"250.00"},"无机"]
[184,"红色乳胶头","100个/包",2,"包",{"v":50,"d":"50.00"},{"v":100,"d":"100.00"},"无机"]
[185,"擦镜纸","30*15",6,"本",{"v":5,"d":"5.00"},{"v":30,"d":"30.00"},"无机"]
[186,"离心管","10ml，尖底",100,"个",{"v":0.5,"d":"0.50"},{"v":50,"d":"50.00"},"无机"]
["合计",{"$nulls":5},{"v":30883.5,"d":"30883.50"}]